000 00608nam a2200193Ia 4500
999 _c7748
_d7748
003 OSt
005 20200116130238.0
008 190216s9999||||xx |||||||||||||| ||und||
020 _a9788131504918
040 _coclc
082 _a658.15
_bBRI/F
100 _aBrigham, Eugene F
_91146
245 0 _aFinancial Management Text And Cases /
_cEugene F Brigham ; Michael C Ehrhardt
260 _bCengage Learning,
_c2011.
_aNew Delhi:
300 _a802p
650 _xFinancial Management
700 1 _91219
_aEhrhardt, Michael C.,
_d1955-
942 _cBK
_2ddc
_h658.15
_iBRI/F
_k658.15
_mBRI/F